| 000 | 00716nam a2200229 a 4500 | ||
|---|---|---|---|
| 001 | 16920 | ||
| 003 | CO-ViMGA | ||
| 008 | 141112s2004 ck r 000 u spa d | ||
| 020 | _a8433015184 | ||
| 040 |
_aCO-ViMGA _bspa _cCO-ViMGA |
||
| 082 | 0 | 4 | _a616.8915 M19c |
| 100 | 1 |
_aMay, Dorothy _923969 |
|
| 245 | 1 | 0 | _aCodependencia . La dependencia controladora - La dependencia sumisa |
| 260 |
_aBarcelona (España), _cDesclee, _c2000 |
||
| 300 | _a235.p. | ||
| 590 | _aForma de adquisición : Premio - Mincultura | ||
| 650 | 1 | 4 |
_aCONDUCTA (PSICOLOGIA) _92684 |
| 650 | 1 | 4 |
_aDEPENDENCIA (PSICOLOGIA) _923970 |
| 650 | 1 | 4 |
_aMODIFICACION DE LA CONDUCTA _923971 |
| 650 | 1 | 4 |
_aPSICOTERAPIA DE FAMILIA _923972 |
| 942 |
_2ddc _cBK |
||
| 999 |
_c26553 _d26553 |
||